Revolución haitiana /

La Revolución haitiana marcó tres grandes hitos en la historia de Occidente: primero, porque fue la primera revolución independentista exitosa de América Latina; segundo, porque se estableció como la primera república negra poscolonial; y tercero, porque fue una revolución impulsada por africanos es...

Descripción completa

Guardado en:
Autor Principal: Santangelo, Pablo
Autor Corporativo: Canal Encuentro.
Formato: Deslizar
Publicado: Argentina, 2012
Series:Revoluciones
Materias:
Acceso en línea:https://www.educ.ar/recursos/105715/revolucion-haitiana
Versión con lengua de señas
Etiquetas: Agregar Etiqueta
Sin Etiquetas, Sea el primero en etiquetar este registro!
LEADER 01328ngm a22003015g 4500
001 CEM.cems024026
008 130507s2012##################0###0#####d
005 20250806140945.0
245 1 0 |a Revolución haitiana /  |c Pablo Santangelo. 
260 |a Argentina,  |c 2012 
300 |a 15'. 
490 0 |a Revoluciones 
538 |a Soporte: DVD - Grabación DRD 
520 |a La Revolución haitiana marcó tres grandes hitos en la historia de Occidente: primero, porque fue la primera revolución independentista exitosa de América Latina; segundo, porque se estableció como la primera república negra poscolonial; y tercero, porque fue una revolución impulsada por africanos esclavizados que significó el fin de la esclavitud. 
500 |a Consultar en ventanilla. 
100 1 |a Santangelo, Pablo 
710 2 |a Canal Encuentro. 
082 3 0 |/ SAN-1 
653 |a HISTORIA 
653 |a HISTORIA UNIVERSAL 
653 |a REVOLUCIONES 
653 |a PROCESOS SOCIALES 
653 |a HAITI 
653 |a HISTORIA AMERICANA 
653 |a SERIE DE TELEVISIÓN 
856 |u https://www.educ.ar/recursos/105715/revolucion-haitiana 
856 |u https://www.educ.ar/recursos/118611/revolucion-haitiana-con-lengua-senas  |y Versión con lengua de señas 
859 |a CEMS  |b BIB. CEMS - Depto. Recursos Didacticos  |h 303  |i SAN-1  |k DRD  |p 2669.16  |t Ej.1